Excelencia en el manejo del stress : el arte de hacer de la vida un arte /

Gardado en:
Detalles Bibliográficos
Autor Principal: Zapata, Claudio (autor)
Formato: Libro
Idioma:Lingua castelá
Publicado: México : EDAMEX, 1998, c1998
Edición:8a edición
Temas:
Etiquetas: Engadir etiqueta
Sen Etiquetas, Sexa o primeiro en etiquetar este rexistro!

MARC

LEADER 00000nam^a2200000^a^4500
001 000380954
005 20250521000000.0
009 20260310120629.731
020 |a 968-409-788-3 
037 |a Acervo ITESO - Biblioteca 
041 |a ESP 
082 |a 155. 9042  |b ZAP 
100 |a Zapata, Claudio  |e (autor) 
245 1 0 |a Excelencia en el manejo del stress :  |b el arte de hacer de la vida un arte /  |c C. Zapata. 
250 |a 8a edición 
264 4 |a México :  |b EDAMEX,  |c 1998, c1998 
300 |a 114 p. 
336 |a texto  |b txt  |2 rdacontenido 
337 |a sin mediación  |b n  |2 rdamedio 
338 |a volumen  |b nc  |2 rdasoporte 
649 |a XX 
650 |a Estrés -  |x Prevención -  |x Tema Principal 
650 |a Relajación 
650 |a Manejo del Estrés 
650 |a Trastornos Psicosomáticos 
650 |a Psicopatología 
650 |a Psicología de la Salud 
650 |a Salud Mental 
650 |a Psicología Clínica 
650 |a Psicología Fisiológica 
910 |a Fondo General 
920 |a Impresos - Libros 
930 |a Colección General 
905 |a 101 
901 |a 0500275923  |b IT1  |c ACC  |i D77425  |u 20250521 
902 |a https://opac.biblio.iteso.mx/vufind/Record/000380954